Can you name these animals in 15 seconds #2? - Statistics

General Stats
  • This quiz has been taken 34 times
    19 since last reset
  • The average score is 3 of 6
Answer Stats
Picture Answer % Correct
Elephant
91%
Horse
91%
Lizard
64%
Lion
55%
Llama
45%
Oryx
0%
No matching quizzes found
Score Distribution
Percent of People with Each Score
Percentile by Number Answered
Your Score History
You have not taken this quiz since the last reset